| 000 | 00603nam a22001457a 4500 | ||
|---|---|---|---|
| 008 | 100419s1996 ua|||||r|||| 000 0 ara d | ||
| 082 |
_222 _a111.85 _bو ه ب |
||
| 100 |
_913625 _aوهبه، مراد |
||
| 245 |
_aقصة علم الجمال / _cمراد وهبه |
||
| 260 |
_aالقاهرة: _bدار الثقافة الجديدة ، 1996 _c1996 |
||
| 300 |
_a75 ص ؛ _c17 سم |
||
| 650 |
_913626 _aالجمال، علم |
||
| 942 |
_2ddc _cBB |
||
| 999 |
_c13917 _d13917 |
||